000 01137nam a22003257a 4500
001 9826
003 FISKH
005 20260303091757.0
008 260303b cb ||||| |||| 00| 0 eng d
020 _a9780545663274
040 _aFISKH
_beng
_cFISKH
_dFISKH
050 _aQL101 .W55
082 _a591.9
100 _aNational Graphic Society
245 _aNat Geo wild animal Atlas :
_bEarth's astonishing animals and where they live /
_cBy National Geographic
250 _aFirst Scholastic printing , October 2013
260 _aNew York :
_bScholastic ,
_c2010 .
300 _a64 pages :
_bcolor illusrations ;
_c30 cm .
490 _aNational Geographic Kids
505 _aZ
520 _aCombines informational text, facts, maps, and photographs to teach children about geography, animals, habitats, endangered species, and more.
521 8 _a950
_bLexile estimat
521 8 _aZ
_bRaz-Plus
650 _aHabitats
_vNon-fiction
650 _aInformational
_vNon-fiction
650 _aGeography
_vNon-fiction
700 _aSeager , David M
_eCover Designer
942 _2ddc
_cBK
_n0
999 _c9826
_d9826